Normal view
MARC view
Entry Geographic Name
001 - CONTROL NUMBER
- control field: 25115
003 - CONTROL NUMBER IDENTIFIER
- control field: dpl
005 - DATE AND TIME OF LATEST TRANSACTION
- control field: 20101227160439.0
008 - FIXED-LENGTH DATA ELEMENTS
- fixed length control field: 101227|||a|||||| | ||| d
040 ## - CATALOGING SOURCE
- Original cataloging agency: dpl
- Transcribing agency: dpl
151 ## - HEADING--GEOGRAPHIC NAME
- Geographic name: United States
- General subdivision: Economic conditions
- Chronological subdivision: 2001-2009.
670 ## - SOURCE DATA FOUND
- Source citation: Work cat.: (dpl): 25104 Jones, Handel Hydn, ChinAmerica : , 2010
670 ## - SOURCE DATA FOUND
- Source citation: Work cat.: (dpl): 25104 Jones, Handel Hydn, ChinAmerica : , 2010
